Boceto del espacio biográfico-educativo en México : 2003-2013 (Record no. 172012)
[ view plain ]
| 000 -CABECERA | |
|---|---|
| campo de control de longitud fija | 01903nab a2200265 a 4500 |
| 005 - FECHA Y HORA DE LA ÚLTIMA TRANSACCIÓN | |
| campo de control | 20230214064111.0 |
| 008 - ELEMENTOS DE LONGITUD FIJA--INFORMACIÓN GENERAL | |
| campo de control de longitud fija | 991125s1985 mx 000 0 spa u |
| 035 ## - NÚMERO DE CONTROL DEL SISTEMA | |
| Número de control de sistema | UPN01000199911 |
| 049 ## - COLECCIÓN | |
| Colección | ART |
| 100 1# - ASIENTO PRINCIPAL--NOMBRE PERSONAL | |
| Nombre de persona | Serrano Castañeda, José Antonio |
| 9 (RLIN) | 30005 |
| 100 1# - ASIENTO PRINCIPAL--NOMBRE PERSONAL | |
| Filiación | serrano_aj@hotmail.com |
| 100 1# - ASIENTO PRINCIPAL--NOMBRE PERSONAL | |
| Nombre de persona | Ramos Morales, Juan Mario |
| 100 1# - ASIENTO PRINCIPAL--NOMBRE PERSONAL | |
| Filiación | juanmarioramos@hotmail.com |
| 222 ## - TÍTULO CLAVE | |
| Título clave | REVISTA MEXICANA DE INVESTIGACION EDUCATIVA |
| 245 ## - MENCIÓN DE TÍTULO | |
| Título | Boceto del espacio biográfico-educativo en México : 2003-2013 |
| 300 ## - DESCRIPCIÓN FÍSICA | |
| Extensión | 831-858 |
| 362 0# - FECHAS DE PUBLICACIÓN Y/O DESIGNACIÓN SECUENCIAL | |
| Fecha de publicación y/o designación secuencial | 2014 Vol 19, no. 62 (3), jul.-sept. |
| 520 ## - NOTA DE RESUMEN, ETC. | |
| Sumario, etc. | El presente trabajo muestra dos vías posibles en el debate sobre el movimiento biográfico en Brasil. La primera ruta se centra en la noción de campo y territorios de indagación (auto)biográfica; sobre ella el texto muestra las características peculiares de los trabajos emprendidos en el posgrado en este contexto; y señala el lugar ocupado por los grupos de investigación y la constitución de redes nacionales reunidas alrededor de la Associação Brasileira de Pesquisa (Auto)biográfica (biograph) y de sus relaciones internacionales con América Latina y con Europa. Sobre la segunda ruta presenta resultados de la investigación “Ruralidades diversas-diversas ruralidades: sujeitos, instituições e práticas pedagógicas nas escolas do campo, Bahia-Brasil’ (fapesb; cnpq), como acción del Grupo de Pesquisa (Auto)biografia, Formação e História Oral (grafho) de la Universidade do Estado da Bahia, tiene como encuadre el estado de arte de las prácticas de grupos multigrado en la última década |
| 653 0# - TERMINO DE INDIZACION - NO CONTROLADO | |
| Término no controlado | BIOGRAFIAS |
| 653 0# - TERMINO DE INDIZACION - NO CONTROLADO | |
| Término no controlado | HISTORIAS DE VIDA |
| 653 0# - TERMINO DE INDIZACION - NO CONTROLADO | |
| Término no controlado | MEXICO |
| 856 4# - LOCALIZACIÓN Y ACCESO ELECTRÓNICOS | |
| Identificador Uniforme del Recurso | <a href="http://www.redalyc.org/articulo.oa?id=14031461009">http://www.redalyc.org/articulo.oa?id=14031461009</a> |
| 856 4# - LOCALIZACIÓN Y ACCESO ELECTRÓNICOS | |
| Identificador Uniforme del Recurso | <a href="http://www.comie.org.mx/v1/revista/portal.php?idm=es&sec=SC03&&sub=SBB&criterio=ART62008">http://www.comie.org.mx/v1/revista/portal.php?idm=es&sec=SC03&&sub=SBB&criterio=ART62008</a> |
| 905 ## - TIPO DE MATERIAL | |
| Tipo de material | Articulo |
No items available.
